Szczegóły MARC21

Richard von Weizsäcker /

003 -Nazwa inst., której nr kontr. jest w polu 001 [,]
    • @
    • Nazwa instytucji, której n kontrolny jest w polu 001
    • NUKAT
005 -DATA I CZAS OSTATNIEJ MODYFIKACJI [,]
    • @
    • pole kontrolne
    • 20241231111204.0
020 -Międzynarod. znormalizowany nr książki - ISBN [ , ]
    • a
    • Numer ISBN
    • 3430127440 Find
040 -Instytucja sporządzająca opis [ , ]
    • a
    • Instytucja, która sporządziła opis (NP)
    • NUKAT
    • c
    • Instytucja, która sporządziła rekord (NP)
    • WA U/BM
    • d
    • Instytucja, która zmodyfikowała rekord (P)
    • WA U/KU
    • d
    • Instytucja, która zmodyfikowała rekord (P)
    • WR O/ISs
942 -Rodzaj dokumentu [ , ]
    • c
    • Rodzaj dokumentu
    • Książka
100 -Hasło główne - nazwa osobowa [1, ]
    • a
    • Nazwa osobowa (NP)
    • Filmer, Werner
    • d
    • Daty biograficzne (NP)
    • (1934- ).
    • 9
    • KHW
    • 646009
245 -Strefa tytułu i oznaczenia odpowiedzialności [1,0]
    • a
    • Tytuł
    • Richard von Weizsäcker / Find
    • c
    • Pozostałe elementy strefy tytułu i oznaczenia odpowiedzialności (NP)
    • Werner Filmer, Heribert Schwan.
250 -Strefa wydania [ , ]
    • a
    • Oznaczenie wydania (NP)
    • 19. Aufl., aktualisierte Neuausg.
260 -Strefa adresu wydawniczego [ , ]
    • a
    • Miejsce wydania (P)
    • Düsseldorf :
    • b
    • Nazwa wydawcy (P)
    • Econ,
    • c
    • Data wydania (P)
    • 1989.
300 -Strefa opisu fizycznego [ , ]
    • a
    • Określenie formy książki i/lub objętość (NP)
    • 398 s., [18] s. tabl. ;
    • c
    • Format (NP)
    • 22 cm.
336 -Typ zawartości [ , ]
    • a
    • Termin opisujący typ zawartości
    • Tekst
    • b
    • Kod określający zawartość
    • txt
    • 2
    • Źródło (terminu i kodu)
    • rdacontent
337 -Typ mediów [ , ]
    • a
    • Tryb odtwarzania
    • Bez urządzenia pośredniczącego
    • b
    • Kod typu mediów
    • n
    • 2
    • Źródło (terminu i kodu)
    • rdamedia
338 -Typ/rodzaj nośnika [ , ]
    • a
    • Hasło opisujące typ nośnika
    • Wolumin
    • b
    • Kod typu nośnika
    • nc
    • 2
    • Źródło (terminu i kodu)
    • rdacarrier
080 -Uniwersalna Klasyfikacja Dziesiętna [ , ]
    • a
    • Symbol klasyfikacji
    • 929WeizsäckerR.von=30
600 -Hasło przedmiotowe w formie nazwy osobowej [1,7]
    • a
    • Nazwa osobowa
    • Weizsäcker, Richard von
    • d
    • Daty związane z nazwą
    • (1920-2015).
    • 2
    • Źródło terminu
    • kaba
    • 9
    • KHW
    • 330872
980 -Symbol UKD [ , ]
    • a
    • UKD
    • 929WeizsäckerR.von=30
700 -Hasło dodatkowe - nazwa osobowa [1, ]
    • a
    • Nazwa osobowa (NP)
    • Schwan, Heribert Find
    • d
    • Daty biograficzne (NP)
    • (1944- ).
    • 9
    • KHW
    • 646010
920 -ISBN [ , ]
    • a
    • ISBN
    • 3-430-12744-0 Find
Numer inwentarzowy Lokalizacja Data inwentaryzacji Sygnatura Status udost.
G.5056BM2000-06-01Germ. Biografie 08-3